Educar para la política.

-д хадгалсан:
Номзүйн дэлгэрэнгүй
Үндсэн зохиолч: Martini, Carlo Maria (autor)
Формат: Ном
Хэл сонгох:испани
Цуврал:(Colección doctrina social cristiana ; 22)
Нөхцлүүд:
Шошгууд: Шошго нэмэх
Шошго байхгүй, Энэхүү баримтыг шошголох эхний хүн болох!

MARC

LEADER 00000nam^a2200000^u^4500
001 000499590
005 20250625000000.0
008 071026s1000^^^^^^^^^^^^r^^^^^000^0^spa^d
009 20260310125723.034
035 |a FCE 000043642 
037 |a Acervo ITESO - Biblioteca 
041 |a spa 
082 0 4 |a 370.115  |b MARe 
100 |a Martini, Carlo Maria  |e (autor) 
245 1 0 |a Educar para la política. 
264 |a México :  |b Instituto Mexicano de Doctrina Social Cristiana,  |c 1991. 
300 |a 23 p. 
336 |a texto  |b txt  |2 rdacontenido 
337 |a sin mediación  |b n  |2 rdamedio 
338 |a volumen  |b nc  |2 rdasoporte 
440 1 |a (Colección doctrina social cristiana ; 22) 
649 |a XX 
650 |a Democracia 
650 |a Educación cívica 
650 |a Política 
650 |a Papel de la iglesia 
650 |a Educación y estado 
910 |a Fondo Centro de Estudios Educativos 
920 |a Impresos - Libros 
930 |a Fondos Especiales 
905 |a 133 
901 |a ALE050937  |b IT2  |c CEE  |u 20250521 
902 |a https://opac.biblio.iteso.mx/vufind/Record/000499590